00387 2200145 4500001002100000005001500021035002000036245006900056100001900125300002800144260003500172082000800207084001400215990001200229INLIS00000000000307820250930085440 a0010-09250004251 aMateri Kultum :bPedoman Bagi Mukmin Yang Baik /cAchmad Sunarto0 aAchmad Sunarto a256 hlm ;c14 x 20,5 cm aSurabaya :bAmpel Mulia,c2012 a200 a200 ACH m a0755561